[Event "Cholet-C"]
[Site "Cholet"]
[Date "2012.02.20"]
[Round "3"]
[White "Julien, Jules Alois"]
[Black "Dujardin, Bernard"]
[Result "1-0"]
[WhiteElo "1701"]
[BlackElo "1631"]
[PlyCount "91"]
[EventDate "2012.02.18"]
[EventType "tourn"]
[EventRounds "9"]
[EventCountry "FRA"]
[SourceTitle "EXT 2013"]
[Source "ChessBase"]
[SourceDate "2012.11.22"]
[SourceVersion "1"]
[SourceVersionDate "2012.11.22"]
[SourceQuality "1"]

1. d4 Nf6 2. Nf3 e6 3. Bf4 c5 4. c3 cxd4 5. cxd4 Nd5 6. Bd2 Bb4 7. Bxb4 Nxb4 8. e4 0-0 9. Nc3 d6 10. Rc1 Nd7 11. a3 Nc6 12. Bc4 a6 13. 0-0 Nf6 14. Ba2 e5 15. Qd2 Bg4 16. dxe5 dxe5 17. Qe3 Nh5 18. Nd5 Bxf3 19. Qxf3 Qg5 20. Qe3 Qxe3 21. fxe3 g6 22. Rc2 Rad8 23. Rcf2 Ng7 24. Rf6 Ne6 25. Nc3 Kg7 26. R6f2 h6 27. Bd5 Rde8 28. b4 Ncd8 29. Na4 b6 30. Nxb6 f5 31. exf5 gxf5 32. Rxf5 Rxf5 33. Rxf5 Nc7 34. Bc4 Kg6 35. Rf2 e4 36. Nd5 Nb5 37. a4 Na3 38. Bxa6 Re5 39. Nf4+ Kg5 40. Rb2 Ne6 41. Nxe6+ Rxe6 42. Be2 Kf5 43. b5 Rb6 44. a5 Rb8 45. b6 Ke5 46. a6 1-0

[Event "Cholet-C"]
[Site "Cholet"]
[Date "2012.02.19"]
[Round "2"]
[White "Dujardin, Bernard"]
[Black "Pougnard, Valery"]
[Result "1/2-1/2"]
[WhiteElo "1631"]
[BlackElo "1584"]
[PlyCount "92"]
[EventDate "2012.02.18"]
[EventType "tourn"]
[EventRounds "9"]
[EventCountry "FRA"]
[SourceTitle "EXT 2013"]
[Source "ChessBase"]
[SourceDate "2012.11.22"]
[SourceVersion "1"]
[SourceVersionDate "2012.11.22"]
[SourceQuality "1"]

1. Nf3 d5 2. d4 Nf6 3. c4 c6 4. Nc3 e6 5. Qc2 Nbd7 6. Bg5 Be7 7. e3 h6 8. Bh4 g5 9. Bg3 Qa5 10. Be2 Ne4 11. 0-0 Nxg3 12. fxg3 Nf6 13. Ne5 Rf8 14. a3 Bd7 15. b4 Qc7 16. cxd5 cxd5 17. Rac1 Rc8 18. Qd2 Qb6 19. Nxd7 Kxd7 20. Bb5+ Kd8 21. Bd3 Nd7 22. Na4 Qd6 23. Nc5 Nxc5 24. bxc5 Qc7 25. e4 dxe4 26. Bxe4 f5 27. Bc2 Qd7 28. Rcd1 Kc7 29. Rf3 Kb8 30. a4 Rcd8 31. Rd3 Qc7 32. Kh1 f4 33. Qe2 fxg3 34. Rxg3 Bf6 35. Rf3 e5 36. dxe5 Bxe5 37. Rxf8 Rxf8 38. g3 Qxc5 39. Qd3 Qc6+ 40. Qe4 Qxe4+ 41. Bxe4 Rf7 42. Kg2 b6 43. Rd5 Bc3 44. Bf5 Kc7 45. g4 Re7 46. Kf3 Be1 1/2-1/2

[Event "Cholet-C"]
[Site "Cholet"]
[Date "2012.02.18"]
[Round "1"]
[White "Dujardin, Bernard"]
[Black "Duhamel, William"]
[Result "1/2-1/2"]
[WhiteElo "1631"]
[BlackElo "1680"]
[PlyCount "82"]
[EventDate "2012.02.18"]
[EventType "tourn"]
[EventRounds "9"]
[EventCountry "FRA"]
[SourceTitle "EXT 2013"]
[Source "ChessBase"]
[SourceDate "2012.11.22"]
[SourceVersion "1"]
[SourceVersionDate "2012.11.22"]
[SourceQuality "1"]

1. d4 Nf6 2. c4 c5 3. e3 cxd4 4. exd4 d6 5. Qc2 g6 6. Bg5 Bg7 7. Nf3 0-0 8. Bd3 Nc6 9. a3 a5 10. Nbd2 h6 11. d5 Ne5 12. Nxe5 dxe5 13. Be3 Ng4 14. h3 Nxe3 15. fxe3 e6 16. e4 Qh4+ 17. Kd1 exd5 18. cxd5 Qe7 19. Nf3 f5 20. Rc1 Qd6 21. Qc5 Rd8 22. Qxd6 Rxd6 23. Ke2 fxe4 24. Bxe4 Bf5 25. Bxf5 gxf5 26. Rhd1 Bf6 27. Rc7 Rb8 28. b3 b6 29. Rc6 Rbd8 30. g4 e4 31. Nd2 Bg5 32. Rxd6 Rxd6 33. gxf5 Rxd5 34. Nxe4 Rxf5 35. Rd6 Rb5 36. Rd3 Be7 37. a4 Rb4 38. Kf3 Kf7 39. Nd2 b5 40. axb5 Rxb5 41. Ne4 Bf8 1/2-1/2

[Event "Fouesnant op 14th"]
[Site "Fouesnant"]
[Date "2008.10.26"]
[Round "2"]
[White "Talec, Patricia"]
[Black "Dujardin, Bernard"]
[Result "0-1"]
[WhiteElo "1490"]
[BlackElo "1791"]
[PlyCount "44"]
[EventDate "2008.10.25"]
[EventType "swiss"]
[EventRounds "9"]
[EventCountry "FRA"]
[SourceTitle "EXT 2009"]
[Source "ChessBase"]
[SourceDate "2008.11.26"]
[SourceVersion "1"]
[SourceVersionDate "2008.11.26"]
[SourceQuality "1"]

1. e4 d6 2. d4 Nf6 3. Nc3 c6 4. Bg5 Nbd7 5. Nf3 e5 6. dxe5 dxe5 7. a3 h6 8. Bh4 b5 9. Bg3 Qc7 10. Be2 Bd6 11. 0-0 0-0 12. Nh4 Re8 13. Nf5 Bf8 14. b4 Bb7 15. Qd3 a6 16. f4 c5 17. fxe5 Nxe5 18. Qe3 cxb4 19. axb4 Bxb4 20. Bxe5 Qxe5 21. Qb6 Bc5+ 22. Qxc5 Qxc5+ 0-1

[Event "Fouesnant op 13th"]
[Site "Fouesnant"]
[Date "2007.11.03"]
[Round "9"]
[White "Ottl, Eric"]
[Black "Dujardin, Bernard"]
[Result "1/2-1/2"]
[WhiteElo "1340"]
[BlackElo "1670"]
[PlyCount "125"]
[EventDate "2007.10.27"]
[EventType "swiss"]
[EventRounds "9"]
[EventCountry "FRA"]
[SourceTitle "EXT 2008"]
[Source "ChessBase"]
[SourceDate "2007.11.25"]
[SourceVersion "1"]
[SourceVersionDate "2007.11.25"]
[SourceQuality "1"]

1. e4 d6 2. d4 c6 3. Nc3 b5 4. Bd2 Qb6 5. Nf3 Bg4 6. Be3 a6 7. Be2 g6 8. 0-0 Bg7 9. a3 Nf6 10. d5 c5 11. b4 0-0 12. e5 Nfd7 13. Rc1 Bxf3 14. Bxf3 Nxe5 15. Ne4 Nxf3+ 16. Qxf3 Nd7 17. Qh3 Qc7 18. Bh6 cxb4 19. axb4 Nb6 20. Bxg7 Kxg7 21. Qd3 Qc4 22. Rfd1 Qxd3 23. Rxd3 Rfc8 24. c3 Rc7 25. h4 f5 26. Ng5 Rc4 27. Ne6+ Kf7 28. Re1 Re8 29. Ng5+ Kg8 30. Re6 Na4 31. Rde3 Rxc3 32. Re1 Rc7 33. f3 Nc3 34. Kh2 Nxd5 35. h5 Nf6 36. hxg6 hxg6 37. Kg3 Nh5+ 38. Kh2 Kg7 39. g4 Nf4 40. Rxd6 Rh8+ 41. Kg3 Nh5+ 42. gxh5 exd6 43. Ne6+ Kf7 44. Nxc7 g5 45. Rh1 Kg7 46. h6+ Kh7 47. f4 gxf4+ 48. Kxf4 Rc8 49. Nxa6 Rc6 50. Nb8 Rc4+ 51. Kxf5 Rxb4 52. Ke6 Rg4 53. Nd7 Re4+ 54. Kxd6 Rd4+ 55. Ke6 Re4+ 56. Kf5 Rc4 57. Nf6+ Kh8 58. Re1 Rc5+ 59. Re5 Rxe5+ 60. Kxe5 b4 61. Ne4 Kh7 62. Nd2 Kxh6 63. Kd4 1/2-1/2

[Event "Uzes op"]
[Site "Uzes"]
[Date "1989.??.??"]
[Round "1"]
[White "Dujardin, Bernard"]
[Black "Abravanel, Chely"]
[Result "0-1"]
[WhiteElo "1690"]
[BlackElo "2265"]
[PlyCount "78"]
[EventDate "1989.??.??"]
[EventType "swiss"]
[EventRounds "9"]
[EventCountry "FRA"]
[SourceTitle "EXT 1997"]
[Source "ChessBase"]
[SourceDate "1996.11.15"]
[SourceVersion "1"]
[SourceVersionDate "1996.11.15"]
[SourceQuality "1"]

1. e4 d5 2. exd5 Nf6 3. c4 c6 4. Nc3 cxd5 5. d4 Nc6 6. Be3 g6 7. b4 Nxb4 8. Qb3 e6 9. Bg5 dxc4 10. Bxc4 h6 11. Bxf6 Qxf6 12. Nf3 Nc6 13. d5 Bb4 14. 0-0 Qxc3 15. dxc6 bxc6 16. Rac1 Qxb3 17. Bxb3 c5 18. Rfd1 0-0 19. Ne5 a5 20. h4 a4 21. Bc4 Kg7 22. Rd6 Ra7 23. Rcd1 Bc3 24. f4 Rc7 25. Rb1 Bb7 26. Rdb6 Be4 27. Rd1 Bd4+ 28. Kh2 g5 29. Kg3 Rd8 30. Rd2 gxf4+ 31. Kg4 h5+ 32. Kxh5 Rh8+ 33. Kg5 Bxe5 34. Bxe6 Bf6+ 35. Kxf4 Rxh4+ 36. g4 fxe6 37. Rxe6 Ba8 38. Rdd6 Rf7 39. Kg3 Rh1 0-1